The Last Word: Book Titles IV Quiz Stats

 Plays Quiz Updated Jul 30, 2015

Score 0/36 Timer 05:00
1 Play Today
Hint Answer % Correct
Ian FlemingBang
97.1%
Truman CapoteTiffany's
96%
Jane AustenSensibility
95.1%
Ian FlemingForever
94.4%
Agatha ChristieExpress
94.2%
Alexandre DumasCristo
93.6%
Joseph Heller22
93.3%
Ian FlemingTwice
92%
Alexandre DumasMusketeers
89.3%
Arthur Conan DoyleBaskervilles
89.1%
Truman CapoteBlood
85.7%
D. H. LawrenceLover
85.6%
Jane AustenPark
76.9%
Jane AustenAbbey
69.7%
Edith WhartonInnocence
69%
Agatha ChristieNile
68.6%
Henry JamesScrew
64.6%
Arthur Conan DoyleScarlet
59.6%
Hint Answer % Correct
Edith WhartonFrome
56.2%
Raymond ChandlerSleep
52.9%
Joseph HellerGold
42.6%
Henry JamesDove
42.1%
Thomas MannVenice
40%
Raymond ChandlerLovely
35.4%
Henry JamesKnew
28.5%
Raymond ChandlerLake
26.1%
Agatha ChristieRye
26%
Thomas MannMountain
22.9%
Edith WhartonMirth
21.4%
Arthur Conan DoyleWorld
20.6%
Thomas MannFaustus
18.6%
Alexandre DumasBrothers
17.4%
Truman CapoteRooms
13.3%
D. H. LawrenceSerpent
13.1%
Joseph HellerHappened
10.6%
D. H. LawrencePeacock
10.5%

You're not logged in!

Compare scores with friends on all Sporcle quizzes.
OR
Log In

Show Comments

Extras

Top Quizzes Today


Score Distribution

Your Account Isn't Verified!

In order to create a playlist on Sporcle, you need to verify the email address you used during registration. Go to your Sporcle Settings to finish the process.

Report this User

Report this user for behavior that violates our Community Guidelines.

Details: